| 000 | 00597 a2200181 4500 | ||
|---|---|---|---|
| 020 | _a81-87169-55-9 | ||
| 024 | _a81-87-169-55-9 | ||
| 082 | _a530.12 | ||
| 090 |
_c464 _d464 |
||
| 100 | 1 | _aBethe, Hans A. | |
| 245 | 1 | 0 |
_aIntermediate quantum mechanics. Third edition / _cHans A. Bethe, Roman W. Jackiw. |
| 250 | _a3rd ed. | ||
| 260 |
_a[S.l.] : _bLevant, India _c2005 |
||
| 300 |
_a396 p. ; _c23 cm. |
||
| 700 | 1 | _aJackiw, Roman W. | |
| 942 |
_aSNS _cBK _k530.12 BET |
||
| 999 |
_c29096 _d29096 |
||